| 000 | 00938 a2200265 4500 | ||
|---|---|---|---|
| 005 | 20250627115351.0 | ||
| 020 | _a9780194421058 | ||
| 050 |
_aLB1575.8 _bBAL 2015 |
||
| 100 |
_aBall, Phil _eauthor |
||
| 245 |
_aPutting CLIL into practice / _cPhil Ball, Keith Kelly and John Clegg |
||
| 264 |
_aOxford : _bOxford University Press, _c2015 |
||
| 300 |
_axiii, 320 pages : _billustrations |
||
| 336 |
_2rdacontent _atext _btxt |
||
| 337 |
_2rdamedia _aunmediated _bn |
||
| 338 |
_2rdacarrier _avolume _bnc |
||
| 440 | _aOxford handbooks for language teachers | ||
| 504 | _aIncludes bibliographical references and index | ||
| 650 |
_aLanguage arts _xCorrelation with content subjects |
||
| 650 | _aEducation, Bilingual | ||
| 650 | _aInteraction analysis in education | ||
| 650 |
_aLanguage and languages _xStudy and teaching |
||
| 700 |
_aKelly, Keith _eauthor |
||
| 700 |
_aClegg, John _eauthor |
||
| 942 |
_2lcc _cBK _h1575.8 _iBAL _kLB |
||
| 999 |
_c11625 _d11625 |
||